| 000 | 00369cam a2200145ua 4500 | ||
|---|---|---|---|
| 041 |
_amal _h |
||
| 082 |
_a300 _bSAR/SA |
||
| 100 | _aSarma, C P . | ||
| 245 |
_aSamuhya padangal / _cC P Sarma. _hTextual Documents |
||
| 260 |
_aChanganacherry : _bAssissi Printing and Publishing House , _c1965. |
||
| 300 | _a79 ; . | ||
| 504 | _a | ||
| 942 | _cBK | ||
| 999 |
_c4380 _d4380 |
||